| 000 | 00617nam a2200193Ia 4500 | ||
|---|---|---|---|
| 003 | GCL | ||
| 008 | 140319s9999 xx 000 0 eng d | ||
| 040 |
_aGCL / _cGCL |
||
| 082 | 0 | 4 |
_aP _b300.5 _bA R |
| 100 | 1 | _aAGHA, OLFAT H. | |
| 245 | 1 | 0 |
_aTHE ROLE OF MASS COMMUNICATIONS IN INTER-STATE CONFLICT: THE ARAB - ISRAELI WAR OF OCTOBER 1973 / _cAGHA, OLFAT H. |
| 260 |
_a[S.N] : _bAMERICAN UNIVERSITY IN CAIRO PRESS ، _c1978 |
||
| 300 | _a87 | ||
| 490 |
_aTHE WADSWORTH INTERNATIONAL DIMENSION OF BUSINESS _v0 |
||
| 650 | 0 | 4 | _aSOCIAL ASPECTS |
| 650 | 0 | 4 | _aPERIODICALS |
| 650 | 0 | 4 | _aSOCIAL SCIENCE |
| 942 |
_2ddc _cCR |
||
| 999 |
_c25867 _d25867 |
||